000 00503nam a2200193Ia 4500
005 20250923150048.0
008 008 250917s9999 xx 000 0 eng d
037 _aTextual
040 _aDSWL
_beng
_cDSWL
041 _aeng
_2eng
084 _aX:9B, N99;1
_qDSWL
245 0 _aAgainst child labour
_cEd. by Voll Klaus
260 _aNew delhi
_b TMT
_c1999
300 _a360p.
365 _aINR
_b600
925 _g600
942 _cTEXL
_hX:9B, N99;1
999 _c1459135
_d1459135